000 00678nam a2200205Ia 4500
003 GCL
008 140319s9999 xx 000 0 ara d
040 _aGCL /
_cGCL
082 0 4 _a933
_bا ك
100 1 _aاحمد الدبش
245 1 0 _aكنعان وملوك بنى اسرائيل فى جزيرة العرب /
_cاحمد الدبش
250 _aالاولى
260 _aسوريا :
_bخطوات للنشر والتوزيع ،
_c2006
300 _a303 ص ؛
_c24 سم
650 0 4 _aبنو اسرائيل
650 0 4 _aاسرائيل - تاريخ
650 0 4 _aاليهودية - تاريخ
650 0 4 _aفلسطين القديمة - تاريخ
942 _2ddc
_cBK
999 _c9975
_d9975